000 00283nam a22001337a 4500
020 _a978-8172330934
041 _aENG
100 _aRhoads I.D
245 _aThe Use of Saline Waters for Crop Production
260 _aDelhi
_bFAO
_c1999
300 _a133
650 _aFAO
856 _uFAO
999 _c507
_d507